000 00701nam a2200229 a 4500
001 BRL_1441
005 20190320211216.0
008 150114s1978----gw-aob####---#001-0#ger-#
020 _a3806202109
041 _ager
044 _agw
050 4 _aGT4250.A3
_b.W56 1978
100 1 _aWintermantel, Heinz
_926925
245 1 0 _aHoorig, hoorig isch die Katz
_bmasken und narren der schwäbisch-alemannischen fasnacht
_cHeinz Wintermantel.
260 _aStuttgart
_bKonrad Theiss
_c1978
300 _a288 p.
_bil., mapas, fotografías
_c24 cm.
500 _aAu1802
650 1 4 _aCarnaval
_zSuabia (Alemania)
_926926
650 1 4 _aMáscaras
_zSuabia (Alemania)
_926927
902 _aGRL
942 _2lcc
_cB
999 _c10251
_d10251